NARIADENIE VLÁDY SLOVENSKEJ REPUBLIKY Č. 40/2002 Z.Z. ZO 16. JANUÁRA 2002 O OCHRANE ZDRAVIA PRED HLUKOM A VIBRÁCIAMI V ZNENÍ NARIADENIA VLÁDY Č. 44/2005 Z.Z. A NARIADENIA VLÁDY Č. 357/2005 Z.Z.

Bibliographic Details
Format: Article
Language:Slovak

MARC

LEADER 00000nab a2200000uu 4500
001 vtls010908509
003 SK-MaSNL
005 20260225183047.0
008 230121|2006 xo |||||||||||||||||slo|
015 |a SNBRB 
035 |a (urnnbn)urn:nbn:sk:snk:ar-a07yrh 
035 |a (uuid)275e8018-fd65-4e8d-bcc8-1e509e6e4b2d 
035 |a urn:nbn:sk:snk-ab8ydu 
040 |a SNKBUCL  |b slo  |c SNKBUCL  |e AACR2 
041 0 |a slo 
044 |a xo  |c SK 
245 0 0 |a NARIADENIE VLÁDY SLOVENSKEJ REPUBLIKY Č. 40/2002 Z.Z. ZO 16. JANUÁRA 2002 O OCHRANE ZDRAVIA PRED HLUKOM A VIBRÁCIAMI V ZNENÍ NARIADENIA VLÁDY Č. 44/2005 Z.Z. A NARIADENIA VLÁDY Č. 357/2005 Z.Z. 
773 0 |t Bezpečnosť práce : odborný časopis pre problematiku bezpečnosti a ochrany zdravia pri práci  |g Roč. 6, č. 1 (2006), s. 17-18 
954 |a odborná, vedecká literatúra pôvodná (slovenská)  |2 lita 
958 |a OND 
958 |a EUIPO 
958 |a article10 
999 |c 1865577  |d 1867507